[Event "Florianopolis op 10th"]
[Site "Florianopolis"]
[Date "2024.01.25"]
[Round "7"]
[White "Madeira, Wagner Martins"]
[Black "Frattini, Beatriz Maria"]
[Result "1/2-1/2"]
[WhiteElo "2122"]
[BlackElo "1873"]
[PlyCount "81"]
[EventDate "2024.01.20"]
[EventType "swiss"]
[EventRounds "10"]
[EventCountry "BRA"]
[SourceTitle "CB05_2024"]
[SourceDate "2024.01.31"]
[SourceVersion "1"]
[SourceVersionDate "2024.01.31"]
[SourceQuality "1"]

1. d4 Nf6 2. Bg5 g6 3. Bxf6 exf6 4. e3 Bg7 5. Bd3 b6 6. Qf3 d5 7. Nc3 Bb7 8. h4 h5 9. Nge2 c6 10. 0-0-0 f5 11. Qg3 0-0 12. Nf4 Kh7 13. Nce2 Nd7 14. Nxh5 gxh5 15. Bxf5+ Kg8 16. Nf4 Nf6 17. Qf3 Bc8 18. Bxc8 Rxc8 19. Rh3 Qe7 20. Nxh5 Nxh5 21. Qxh5 Rfd8 22. Rg3 Qf6 23. Rg5 c5 24. c3 cxd4 25. Rxd4 Qxf2 26. Qh6 Qxe3+ 27. Rd2 Qe1+ 28. Kc2 Qe4+ 29. Rd3 Qh7 30. Qxh7+ Kxh7 31. Rgxd5 Rxd5 32. Rxd5 Rc4 33. Rd7 Rxh4 34. Rxf7 a6 35. Kb3 b5 36. Ra7 Ra4 37. c4 Rxc4 38. Rxa6 Rg4 39. a4 bxa4+ 40. Rxa4 Rxa4 41. Kxa4 1/2-1/2

[Event "Florianopolis op 10th"]
[Site "Florianopolis"]
[Date "2024.01.20"]
[Round "1"]
[White "Leite, Lucas Bueno De Oliv"]
[Black "Frattini, Beatriz Maria"]
[Result "0-1"]
[WhiteElo "1227"]
[BlackElo "1873"]
[PlyCount "37"]
[EventDate "2024.01.20"]
[EventType "swiss"]
[EventRounds "10"]
[EventCountry "BRA"]
[SourceTitle "CB05_2024"]
[SourceDate "2024.01.31"]
[SourceVersion "1"]
[SourceVersionDate "2024.01.31"]
[SourceQuality "1"]

1. e4 c5 2. c3 Nf6 3. e5 Nd5 4. d4 cxd4 5. cxd4 e6 6. a3 Nc6 7. Nf3 d6 8. Bc4 Be7 9. 0-0 0-0 10. Bd2 Qb6 11. exd6 Bxd6 12. Bc3 Nxc3 13. Nxc3 Rd8 14. b4 Nxd4 15. Nxd4 Bxh2+ 16. Kxh2 Rxd4 17. Qe2 Qc7+ 18. g3 Rxc4 19. Rfd1 0-1

[Event "Florianopolis op 8th"]
[Site "Florianopolis"]
[Date "2022.01.27"]
[Round "6"]
[White "Esteche, Caina Rinaldi"]
[Black "Frattini, Beatriz Maria"]
[Result "1-0"]
[WhiteElo "1735"]
[BlackElo "1948"]
[PlyCount "69"]
[EventDate "2022.01.24"]
[EventType "swiss"]
[EventRounds "10"]
[EventCountry "BRA"]
[SourceTitle "CBM 206 Extra"]
[Source "ChessBase"]
[SourceDate "2022.03.31"]
[SourceVersion "1"]
[SourceVersionDate "2022.03.31"]
[SourceQuality "1"]

1. c4 c5 2. Nc3 Nf6 3. g3 d5 4. cxd5 Nxd5 5. Bg2 Nc7 6. Nf3 Nc6 7. 0-0 e5 8. d3 Be7 9. Be3 f6 10. Qa4 Bd7 11. Rfc1 Nd4 12. Qd1 Bc6 13. Ne4 Nce6 14. Bxd4 cxd4 15. Nh4 g6 16. Rxc6 bxc6 17. Qa4 Kf7 18. Qxc6 Qb6 19. Qa4 Qxb2 20. Rf1 Qxe2 21. Bh3 f5 22. Nxf5 gxf5 23. Bxf5 Rab8 24. Bxe6+ Kxe6 25. Qc4+ Kd7 26. Qd5+ Ke8 27. Qxe5 Qb2 28. Qxh8+ Kd7 29. Qxh7 Rb5 30. Qf7 Kd8 31. Nf6 Bxf6 32. Qxf6+ Kc7 33. Qa6 Rb7 34. Re1 Kd8 35. Qf6+ 1-0

[Event "Florianopolis op 8th"]
[Site "Florianopolis"]
[Date "2022.01.24"]
[Round "1"]
[White "Frattini, Beatriz Maria"]
[Black "Cabral, Vivian De Paiva"]
[Result "1-0"]
[WhiteElo "1948"]
[BlackElo "1295"]
[PlyCount "49"]
[EventDate "2022.01.24"]
[EventType "swiss"]
[EventRounds "10"]
[EventCountry "BRA"]
[SourceTitle "CBM 206 Extra"]
[Source "ChessBase"]
[SourceDate "2022.03.31"]
[SourceVersion "1"]
[SourceVersionDate "2022.03.31"]
[SourceQuality "1"]

1. e4 c5 2. Nf3 d6 3. d4 cxd4 4. Nxd4 Nf6 5. Nc3 a6 6. Be3 Bd7 7. f3 Nc6 8. Qd2 b5 9. Nd5 Nxd5 10. Nxc6 Bxc6 11. exd5 Bd7 12. Be2 g6 13. 0-0-0 Bg7 14. h4 h5 15. g4 a5 16. gxh5 Rxh5 17. f4 Rh8 18. Bd4 Bxd4 19. Qxd4 Rf8 20. h5 gxh5 21. Rxh5 Qc7 22. Rh8 Bf5 23. Bxb5+ Qd7 24. Rxf8+ Kxf8 25. Qh8# 1-0

[Event "BRA-ch (Women) 60th"]
[Site "Cuiaba"]
[Date "2021.11.04"]
[Round "11"]
[White "Frattini, Beatriz Maria"]
[Black "Bonfim, Regina Rodrigues"]
[Result "1-0"]
[WhiteElo "1880"]
[BlackElo "1702"]
[PlyCount "101"]
[EventDate "2021.10.28"]
[EventType "swiss"]
[EventRounds "11"]
[EventCountry "BRA"]
[SourceTitle "CBM 205 Extra"]
[Source "ChessBase"]
[SourceDate "2022.01.31"]
[SourceVersion "1"]
[SourceVersionDate "2022.01.31"]
[SourceQuality "1"]

1. e4 c5 2. Nf3 d6 3. d4 cxd4 4. Nxd4 Nf6 5. Nc3 a6 6. Be3 e6 7. f3 Be7 8. Qd2 b5 9. 0-0-0 Bd7 10. g4 b4 11. Nce2 Bc6 12. Nxc6 Nxc6 13. Nd4 Nxd4 14. Bxd4 0-0 15. Qxb4 Qc7 16. Qc3 Qb7 17. Qb3 Qc6 18. g5 Nd7 19. h4 e5 20. Bc3 Nc5 21. Qd5 Qb6 22. Bc4 a5 23. Rhg1 Kh8 24. h5 Na4 25. Qb5 Qxb5 26. Bxb5 Nxc3 27. bxc3 f6 28. g6 h6 29. Bd7 Rfb8 30. Rd5 Ra7 31. Rb5 Rab7 32. Rxb7 Rxb7 33. Be6 f5 34. Kd2 fxe4 35. fxe4 Bg5+ 36. Kd3 a4 37. Rf1 Bf6 38. c4 a3 39. Kc3 Rb8 40. Rd1 Be7 41. Rd5 Bf8 42. Rb5 Re8 43. Bd5 Be7 44. Rb7 Bh4 45. Kb3 Bf2 46. Kxa3 Bc5+ 47. Ka4 Rc8 48. Kb5 Ba3 49. Ra7 Rb8+ 50. Ka4 Rc8 51. Kxa3 1-0

[Event "BRA-ch (Women) 60th"]
[Site "Cuiaba"]
[Date "2021.10.31"]
[Round "6"]
[White "Tamarozi, Isabelle"]
[Black "Frattini, Beatriz Maria"]
[Result "0-1"]
[WhiteElo "1981"]
[BlackElo "1880"]
[PlyCount "98"]
[EventDate "2021.10.28"]
[EventType "swiss"]
[EventRounds "11"]
[EventCountry "BRA"]
[SourceTitle "CBM 205 Extra"]
[Source "ChessBase"]
[SourceDate "2022.01.31"]
[SourceVersion "1"]
[SourceVersionDate "2022.01.31"]
[SourceQuality "1"]

1. e4 c5 2. Nf3 d6 3. d4 cxd4 4. Nxd4 Nf6 5. Nc3 a6 6. Be2 e5 7. Nb3 Be6 8. f4 Be7 9. g4 exf4 10. g5 Nfd7 11. Bxf4 Ne5 12. Qd2 Nbd7 13. 0-0-0 b5 14. h4 Qc7 15. Kb1 Rc8 16. Nd4 b4 17. Nd5 Bxd5 18. exd5 0-0 19. Nf5 Rfe8 20. Rc1 Bf8 21. Rhg1 Nb6 22. b3 Ng6 23. Bf3 Qc3 24. h5 Qxf3 25. hxg6 fxg6 26. Nd4 Qxd5 27. Rh1 Re4 28. Be3 Rc3 29. Rh3 Rxd4 30. Qxd4 Qxd4 31. Bxd4 Rxh3 32. Bxb6 Rg3 33. Bd8 Kf7 34. Re1 h5 35. gxh6 gxh6 36. Bc7 Be7 37. c4 bxc3 38. Kc2 Bf6 39. Bxd6 Rg2+ 40. Kc1 Rxa2 41. Re4 c2 42. Bf4 Bg5 43. Bxg5 hxg5 44. Rc4 Kf6 45. Kd2 Ra5 46. Kxc2 Kf5 47. Kd2 Re5 48. b4 g4 49. Rc3 Kf4 0-1

[Event "BRA-ch (Women) 60th"]
[Site "Cuiaba"]
[Date "2021.10.29"]
[Round "3"]
[White "Frattini, Beatriz Maria"]
[Black "Eger, Laura Luisa"]
[Result "1-0"]
[WhiteElo "1880"]
[BlackElo "1767"]
[PlyCount "119"]
[EventDate "2021.10.28"]
[EventType "swiss"]
[EventRounds "11"]
[EventCountry "BRA"]
[SourceTitle "CBM 205 Extra"]
[Source "ChessBase"]
[SourceDate "2022.01.31"]
[SourceVersion "1"]
[SourceVersionDate "2022.01.31"]
[SourceQuality "1"]

1. e4 e5 2. Nf3 Nc6 3. Bb5 a6 4. Ba4 b5 5. Bb3 Bc5 6. c3 d6 7. 0-0 Nf6 8. a4 Rb8 9. d4 Bb6 10. a5 Ba7 11. Be3 Bg4 12. Nbd2 exd4 13. cxd4 Nxd4 14. Bxd4 Bxd4 15. Bxf7+ Kf8 16. Ba2 Qd7 17. Qb3 Be5 18. Nxe5 dxe5 19. Nc4 Re8 20. Ne3 Be6 21. Qa3+ Qe7 22. Bxe6 Qxa3 23. Rxa3 Rxe6 24. Rc3 Re7 25. f3 Kf7 26. Rfc1 Rd8 27. Rxc7 Rd2 28. Rxe7+ Kxe7 29. Rc2 Rxc2 30. Nxc2 Nd7 31. Nb4 Nc5 32. Nd5+ Kd6 33. b4 Ne6 34. Kf2 Nd4 35. Ke3 Nc2+ 36. Kd2 Nd4 37. Kd3 Nc6 38. h4 h5 39. Kc3 Nd4 40. Ne3 g6 41. Nd5 Ne6 42. Kd3 Nd4 43. Ke3 Nc2+ 44. Kf2 Nd4 45. Ne3 Nc6 46. Nc2 Ke6 47. Ke3 Kf6 48. g3 Ke6 49. Kd3 Kd6 50. f4 Ke6 51. Kc3 Kd6 52. Ne1 Nd4 53. Nd3 Ne2+ 54. Kd2 Nxg3 55. fxe5+ Ke6 56. Ke3 Nf1+ 57. Kf4 Nd2 58. Nc5+ Ke7 59. Nxa6 Nc4 60. Nc7 1-0

[Event "BRA-ch U20 Girls"]
[Site "Concordia"]
[Date "2021.10.02"]
[Round "5"]
[White "Feller, Gabriela Luisa Vice"]
[Black "Frattini, Beatriz Maria"]
[Result "0-1"]
[WhiteElo "1761"]
[BlackElo "1847"]
[PlyCount "116"]
[EventDate "2021.09.30"]
[EventType "swiss"]
[EventRounds "6"]
[EventCountry "BRA"]
[SourceTitle "EXT 2023"]
[Source "ChessBase"]
[SourceDate "2022.10.05"]
[SourceVersion "1"]
[SourceVersionDate "2022.10.05"]
[SourceQuality "1"]

1. d4 Nf6 2. c4 g6 3. Nf3 Bg7 4. Nc3 d5 5. Bg5 Ne4 6. cxd5 Nxg5 7. Nxg5 e6 8. Nf3 exd5 9. b4 Qd6 10. Qb3 Nc6 11. e3 Bg4 12. Nb5 Qe7 13. Rc1 a6 14. Nc3 Bxf3 15. gxf3 Nxd4 16. Qxd5 Rd8 17. Qe4 Nxf3+ 18. Ke2 Ng5 19. Qxe7+ Kxe7 20. Bg2 Bxc3 21. Rxc3 c6 22. h4 Ne6 23. h5 Ng7 24. hxg6 hxg6 25. a4 Rxh1 26. Bxh1 Rh8 27. Bg2 Rh4 28. b5 Rxa4 29. bxc6 Ra2+ 30. Kf3 bxc6 31. Rxc6 a5 32. Rc7+ Kf6 33. Bf1 Ne6 34. Ra7 Ng5+ 35. Kg2 Ne4 36. Rxf7+ Kxf7 37. Bc4+ Kf6 38. Bxa2 Nc3 39. Bc4 a4 40. Kf3 a3 41. Kg4 Nd1 42. Kg3 Ke5 43. Kf3 Nc3 44. Kg4 Ne4 45. f3 Nd2 46. Ba2 Kd6 47. f4 Ne4 48. f5 g5 49. f6 Nxf6+ 50. Kxg5 Ke5 51. Bb3 Ne4+ 52. Kg6 Nd2 53. Ba2 Ke4 54. Kf6 Kxe3 55. Ke5 Kd3 56. Kd5 Kc3 57. Kc5 Kb2 58. Bd5 Nb3+ 0-1

[Event "BRA-ch U20 Girls"]
[Site "Concordia"]
[Date "2021.10.01"]
[Round "3"]
[White "Bittencourt, Alica E Decezare"]
[Black "Frattini, Beatriz Maria"]
[Result "0-1"]
[WhiteElo "1220"]
[BlackElo "1847"]
[PlyCount "128"]
[EventDate "2021.09.30"]
[EventType "swiss"]
[EventRounds "6"]
[EventCountry "BRA"]
[SourceTitle "EXT 2023"]
[Source "ChessBase"]
[SourceDate "2022.10.05"]
[SourceVersion "1"]
[SourceVersionDate "2022.10.05"]
[SourceQuality "1"]

1. e4 c5 2. Nf3 e6 3. g3 Nc6 4. Bg2 Nf6 5. d3 d5 6. e5 Nd7 7. Bf4 Be7 8. 0-0 g5 9. Bd2 Ndxe5 10. Nxe5 Nxe5 11. Re1 Ng6 12. Bc1 h5 13. Nd2 Qd6 14. Nf1 Bd7 15. d4 c4 16. Be3 f5 17. Qc1 f4 18. Bd2 Rf8 19. c3 e5 20. dxe5 Nxe5 21. gxf4 Nd3 22. Qd1 Bg4 23. f3 Nxe1 24. Qxe1 gxf4 25. Qf2 Be6 26. Re1 h4 27. h3 Qd7 28. Kh2 b6 29. Qe2 Rf6 30. Qe5 Qd6 31. Qh5+ Kd7 32. Re2 Rf5 33. Qh7 Raf8 34. Qg7 R8f7 35. Qd4 Qc5 36. Qh8 Bf6 37. Qh6 Qe7 38. Kh1 Bg7 39. Qh7 Bf6 40. Qh6 Rh7 41. Qg6 Rg7 42. Qh6 Qf7 43. Nh2 Rh7 44. Ng4 Rxh6 45. Nxh6 Qh5 46. Nxf5 Qxf5 47. Be1 Qd3 48. Rd2 Qe3 49. Rd1 Qe2 50. Rb1 Bf5 51. Rc1 Qxb2 52. Rd1 Bc2 53. Rxd5+ Kc6 54. Rd2 Qc1 55. Re2 Bxc3 56. Re6+ Kd7 57. Re2 Bxe1 58. Rxe1 Qxe1+ 59. Kh2 Bf5 60. a3 Qg3+ 61. Kh1 Bxh3 62. Bxh3+ Qxh3+ 63. Kg1 Qxf3 64. a4 h3 0-1

[Event "BRA-ch U20 Girls"]
[Site "Concordia"]
[Date "2021.10.01"]
[Round "2"]
[White "Frattini, Beatriz Maria"]
[Black "Mendes, Ana Beatriz Dias Gu"]
[Result "1-0"]
[WhiteElo "1847"]
[BlackElo "1459"]
[PlyCount "103"]
[EventDate "2021.09.30"]
[EventType "swiss"]
[EventRounds "6"]
[EventCountry "BRA"]
[SourceTitle "EXT 2023"]
[Source "ChessBase"]
[SourceDate "2022.10.05"]
[SourceVersion "1"]
[SourceVersionDate "2022.10.05"]
[SourceQuality "1"]

1. e4 c5 2. Nf3 g6 3. d4 cxd4 4. Nxd4 Nc6 5. Nc3 Bg7 6. Be3 Nf6 7. Bc4 Qa5 8. 0-0 d6 9. Nb3 Qd8 10. h3 0-0 11. Qd2 Bd7 12. Be2 Rc8 13. f4 Na5 14. e5 Ne8 15. Bxa7 Nxb3 16. axb3 dxe5 17. Rfd1 Nd6 18. Nd5 Be6 19. Bb6 Qd7 20. c4 Rc6 21. Qb4 Bxd5 22. Rxd5 Qe6 23. fxe5 Bxe5 24. Bf2 Bxb2 25. Re1 Qf6 26. Rd3 Ne4 27. Rf3 Bc3 28. Qxb7 Qd6 29. Rd1 Qc7 30. Rd7 Qxb7 31. Rxb7 Nxf2 32. Kxf2 Bd4+ 33. Ke1 Re6 34. Rd3 Be3 35. Rbd7 Kg7 36. Rd8 Rxd8 37. Rxd8 Rb6 38. Bd1 Bc5 39. Rd5 Bb4+ 40. Ke2 Kf6 41. Kd3 Rd6 42. Kd4 e5+ 43. Ke4 Ke6 44. Rxe5+ Kf6 45. Rb5 Bc3 46. Bf3 Ke6 47. Ke3 Rd2 48. Bd5+ Kf6 49. Rb7 Ke5 50. Rxf7 Rb2 51. Rb7 h5 52. Kd3 1-0

[Event "Florianopolis op 09"]
[Site "Florianopolis"]
[Date "2021.09.24"]
[Round "1"]
[White "Senger, Maria Clara da Silv"]
[Black "Frattini, Beatriz Maria"]
[Result "0-1"]
[WhiteElo "1228"]
[BlackElo "1847"]
[PlyCount "72"]
[EventDate "2021.09.24"]
[EventType "swiss"]
[EventRounds "6"]
[EventCountry "BRA"]
[SourceTitle "EXT 2023"]
[Source "ChessBase"]
[SourceDate "2022.10.05"]
[SourceVersion "1"]
[SourceVersionDate "2022.10.05"]
[SourceQuality "1"]

1. d4 Nf6 2. Nf3 g6 3. Bf4 Bg7 4. e3 0-0 5. h3 d6 6. Be2 Nbd7 7. c4 b6 8. Nc3 Bb7 9. 0-0 Ne4 10. Nxe4 Bxe4 11. Nd2 Bb7 12. Bf3 Bxf3 13. Nxf3 e5 14. Bg3 Qe7 15. Rb1 a5 16. b3 Rad8 17. Qc2 e4 18. Nd2 f5 19. Rbe1 Kh8 20. f3 exf3 21. Nxf3 Nf6 22. Bh4 Rde8 23. Bxf6 Rxf6 24. d5 Bh6 25. Kh1 Bxe3 26. Nd4 Qe5 27. Ne6 Rfxe6 28. dxe6 Rxe6 29. Rf3 Qd4 30. Qe2 f4 31. g3 Re5 32. gxf4 Bxf4 33. Qf1 Qd2 34. Re2 Rxe2 35. Rxf4 Re1 36. Rf2 Qxf2 0-1

[Event "Titled Tuesday intern op 07th Sept"]
[Site "Chess.com INT"]
[Date "2021.09.07"]
[Round "7"]
[White "Frattini, Beatriz Maria"]
[Black "Santos, Rafael Ventura Dos"]
[Result "0-1"]
[WhiteElo "1847"]
[BlackElo "2203"]
[PlyCount "52"]
[EventDate "2021.09.07"]
[EventType "swiss (blitz)"]
[EventRounds "11"]
[EventCountry "USA"]
[SourceTitle "EXT 2022"]
[Source "ChessBase"]
[SourceDate "2021.10.06"]
[SourceVersion "1"]
[SourceVersionDate "2021.10.06"]
[SourceQuality "1"]

1. e4 c5 2. Nf3 d6 3. d4 cxd4 4. Nxd4 Nf6 5. Nc3 a6 6. Be3 e5 7. Nb3 Be6 8. f3 Nbd7 9. Qd2 h5 10. Nd5 Bxd5 11. exd5 Nb6 12. Bxb6 Qxb6 13. Be2 Rc8 14. c4 g6 15. Rc1 Bh6 16. Qc2 Bxc1 17. Qxc1 Nxd5 18. Qd2 Nf4 19. Bd3 Qb4 20. Nc1 Qxd2+ 21. Kxd2 Nxg2 22. Be4 Rxc4 23. Bxb7 a5 24. b3 Rd4+ 25. Ke2 Nf4+ 26. Ke3 Ke7 0-1

[Event "Titled Tuesday intern op 07th Sept"]
[Site "Chess.com INT"]
[Date "2021.09.07"]
[Round "5"]
[White "Senthilkumar, Pranav"]
[Black "Frattini, Beatriz Maria"]
[Result "1-0"]
[WhiteElo "1871"]
[BlackElo "1847"]
[PlyCount "101"]
[EventDate "2021.09.07"]
[EventType "swiss (blitz)"]
[EventRounds "11"]
[EventCountry "USA"]
[SourceTitle "EXT 2022"]
[Source "ChessBase"]
[SourceDate "2021.10.06"]
[SourceVersion "1"]
[SourceVersionDate "2021.10.06"]
[SourceQuality "1"]

1. d4 Nf6 2. Nf3 g6 3. Bg5 Bg7 4. Nbd2 d5 5. e3 c5 6. Be2 Nc6 7. c3 0-0 8. 0-0 b6 9. h3 Ne4 10. Nxe4 dxe4 11. Nd2 cxd4 12. cxd4 f5 13. Bc4+ Kh8 14. h4 Na5 15. h5 Nxc4 16. hxg6 Nxd2 17. Qh5 h6 18. Bxh6 Kg8 19. Bg5 Rf6 20. Qh7+ Kf8 21. Bh6 Rxg6 22. Qxg6 Bxh6 23. Qxh6+ Kf7 24. Rfd1 Nc4 25. Qc6 Ba6 26. d5 Rc8 27. Qe6+ Ke8 28. Qxf5 Bb7 29. Qg6+ Kd7 30. Rac1 Nxb2 31. Rxc8 Kxc8 32. Rc1+ Kb8 33. Qxe4 Qxd5 34. Qxd5 Bxd5 35. Rd1 e6 36. Rd2 Nc4 37. Rd4 Na5 38. g4 Bxa2 39. g5 e5 40. Rd7 Kc8 41. Rxa7 Bg8 42. g6 Kb8 43. Rh7 b5 44. Rh8 b4 45. Rxg8+ Kb7 46. g7 b3 47. Rb8+ Kxb8 48. g8Q+ Kb7 49. Qd5+ Kb6 50. Qxe5 b2 51. Qxb2+ 1-0

[Event "Titled Tuesday intern op 07th Sept"]
[Site "Chess.com INT"]
[Date "2021.09.07"]
[Round "8"]
[White "Shapiro, Daniel E"]
[Black "Frattini, Beatriz Maria"]
[Result "1-0"]
[WhiteElo "2284"]
[BlackElo "1847"]
[PlyCount "83"]
[EventDate "2021.09.07"]
[EventType "swiss (blitz)"]
[EventRounds "11"]
[EventCountry "USA"]
[SourceTitle "EXT 2022"]
[Source "ChessBase"]
[SourceDate "2021.10.06"]
[SourceVersion "1"]
[SourceVersionDate "2021.10.06"]
[SourceQuality "1"]

1. d4 Nf6 2. c4 g6 3. Nc3 d5 4. Nf3 Bg7 5. Qb3 dxc4 6. Qxc4 0-0 7. e4 a6 8. Qa4 c5 9. dxc5 Qc7 10. Be2 Bd7 11. Qa3 Bc6 12. Bd3 Rd8 13. Bc2 Nbd7 14. 0-0 Ne5 15. Nd2 Neg4 16. g3 Rd7 17. Nc4 Rd4 18. Nb6 Rad8 19. f3 Nxh2 20. Kxh2 Rd2+ 21. Bxd2 Rxd2+ 22. Kh3 Bd7+ 23. Nxd7 Qxd7+ 24. g4 Qc7 25. Rh1 Rxc2 26. Qb3 Rf2 27. Raf1 Rd2 28. Nd5 Nxd5 29. exd5 Qf4 30. c6 Qh6+ 31. Kg3 Be5+ 32. f4 Bxf4+ 33. Rxf4 Qxh1 34. Rf2 Qg1+ 35. Kf4 Rxf2+ 36. Ke5 Qe1+ 37. Kd4 Rd2+ 38. Kc5 Qe3+ 39. Qxe3 b6+ 40. Kxb6 Rxd5 41. c7 Rb5+ 42. Kxa6 1-0

[Event "Titled Tuesday intern op 07th Sept"]
[Site "Chess.com INT"]
[Date "2021.09.07"]
[Round "11"]
[White "Steenbekkers, Franck"]
[Black "Frattini, Beatriz Maria"]
[Result "0-1"]
[WhiteElo "2164"]
[BlackElo "1847"]
[PlyCount "34"]
[EventDate "2021.09.07"]
[EventType "swiss (blitz)"]
[EventRounds "11"]
[EventCountry "USA"]
[SourceTitle "EXT 2022"]
[Source "ChessBase"]
[SourceDate "2021.10.06"]
[SourceVersion "1"]
[SourceVersionDate "2021.10.06"]
[SourceQuality "1"]

1. e4 c5 2. Nc3 Nc6 3. Bb5 e6 4. Bxc6 bxc6 5. f4 Ne7 6. Nf3 d6 7. d3 Ng6 8. 0-0 Be7 9. f5 exf5 10. b3 fxe4 11. Nxe4 d5 12. Ng3 Bf6 13. Rb1 0-0 14. Nh5 Be7 15. Bb2 d4 16. Qd2 Bg4 17. Rbe1 Bxh5 0-1

[Event "BRA-ch U18 Girls"]
[Site "Florianopolis"]
[Date "2021.07.02"]
[Round "2"]
[White "Frattini, Beatriz Maria"]
[Black "Gomes, Maria Eduarda Papin"]
[Result "1-0"]
[WhiteElo "1854"]
[BlackElo "1574"]
[PlyCount "103"]
[EventDate "2021.07.01"]
[EventType "swiss"]
[EventRounds "6"]
[EventCountry "BRA"]
[SourceTitle "CBM 203 Extra"]
[Source "ChessBase"]
[SourceDate "2021.09.30"]
[SourceVersion "1"]
[SourceVersionDate "2021.09.30"]
[SourceQuality "1"]

1. e4 d5 2. exd5 Qxd5 3. Nc3 Qa5 4. Bc4 Nf6 5. Nge2 Bf5 6. d3 c6 7. 0-0 e6 8. Ng3 Bg6 9. f4 Be7 10. Qe2 Bc5+ 11. Kh1 0-0 12. Bd2 Qc7 13. Nce4 Be7 14. f5 exf5 15. Nxf5 Nxe4 16. Qxe4 Bd6 17. Bc3 Nd7 18. Qh4 Be5 19. Rae1 Bxc3 20. bxc3 Nf6 21. Re7 Qa5 22. Nh6+ gxh6 23. Qxf6 Qg5 24. Rxf7 Qxf6 25. R7xf6+ Kg7 26. Rxf8 Rxf8 27. Rxf8 Kxf8 28. Kg1 Ke7 29. Kf2 Kf6 30. Ke3 Ke5 31. a3 b6 32. d4+ Kd6 33. Bd3 c5 34. Bxg6 hxg6 35. Kd3 a6 36. a4 Kc6 37. c4 cxd4 38. Kxd4 Kd6 39. g3 g5 40. g4 Kc6 41. Ke5 Kc5 42. Kf5 Kxc4 43. Kg6 Kb4 44. Kxh6 Kxa4 45. Kxg5 Kb4 46. h4 a5 47. h5 a4 48. h6 a3 49. h7 a2 50. h8Q Ka3 51. Qc3+ Ka4 52. Qb3+ 1-0

[Event "Speed Chess (Women) Q2"]
[Site "Chess.com INT"]
[Date "2021.05.29"]
[Round "10"]
[White "Frattini, Beatriz Maria"]
[Black "Ortez, Andrea"]
[Result "1-0"]
[WhiteElo "1854"]
[BlackElo "1969"]
[PlyCount "89"]
[EventDate "2021.05.29"]
[EventType "swiss (blitz)"]
[EventRounds "13"]
[EventCountry "USA"]
[SourceTitle "CBM 202 Extra"]
[Source "ChessBase"]
[SourceDate "2021.07.31"]
[SourceVersion "1"]
[SourceVersionDate "2021.07.31"]
[SourceQuality "1"]

1. e4 c5 2. Nf3 Nc6 3. d4 cxd4 4. Nxd4 g6 5. Nc3 Bg7 6. Be3 Nf6 7. Bc4 0-0 8. Bb3 d6 9. f3 Bd7 10. Qd2 Nxd4 11. Bxd4 b5 12. 0-0-0 a5 13. Nd5 Nxd5 14. Bxd5 Rc8 15. Bxg7 Kxg7 16. Qd4+ Kg8 17. e5 Qc7 18. Rd2 dxe5 19. Bxf7+ Rxf7 20. Qxd7 Qc4 21. Qd5 e6 22. Qxc4 Rxc4 23. Rd6 Rfc7 24. Rd2 Kf7 25. Re1 Kf6 26. Kb1 b4 27. Re3 a4 28. a3 Rb7 29. axb4 Rcxb4 30. c3 Rb3 31. Ka2 h5 32. Re4 a3 33. bxa3 Rxc3 34. Rb4 Ra7 35. a4 Kf5 36. Kb2 Rc5 37. Kb3 Rca5 38. Rd8 Kg5 39. Rf8 Kh6 40. Rfb8 Kg5 41. R8b6 Kf6 42. R6b5 R5a6 43. Re4 Rc6 44. Rbxe5 Rca6 45. Rb5 1-0

[Event "Speed Chess (Women) Q2"]
[Site "Chess.com INT"]
[Date "2021.05.29"]
[Round "7"]
[White "Frattini, Beatriz Maria"]
[Black "Soumya, Swaminathan"]
[Result "0-1"]
[WhiteElo "1854"]
[BlackElo "2351"]
[PlyCount "102"]
[EventDate "2021.05.29"]
[EventType "swiss (blitz)"]
[EventRounds "13"]
[EventCountry "USA"]
[SourceTitle "CBM 202 Extra"]
[Source "ChessBase"]
[SourceDate "2021.07.31"]
[SourceVersion "1"]
[SourceVersionDate "2021.07.31"]
[SourceQuality "1"]

1. e4 g6 2. d4 Bg7 3. Nc3 d6 4. Be3 a6 5. Nf3 b5 6. a4 b4 7. Ne2 Bb7 8. Ng3 Nd7 9. a5 Rc8 10. Qd2 c5 11. Bd3 Qc7 12. 0-0 Ngf6 13. b3 Ng4 14. Rad1 Nxe3 15. fxe3 0-0 16. Kh1 Qxa5 17. Ra1 Qb6 18. d5 Bxa1 19. Rxa1 Ne5 20. Nxe5 dxe5 21. Qf2 Qf6 22. Qe2 Qg7 23. Bxa6 Ra8 24. Ra4 Bxa6 25. Rxa6 Rxa6 26. Qxa6 Qf6 27. Qa7 Qf2 28. Qa1 Qxc2 29. h4 Qc3 30. Qd1 Qxe3 31. Kh2 Qf4 32. Kh3 h5 33. d6 Qg4+ 34. Qxg4 hxg4+ 35. Kxg4 exd6 36. Nf1 Ra8 37. Ne3 Ra3 38. Nd5 Rxb3 39. Kg5 Kg7 40. g4 Rf3 41. h5 f6+ 42. Nxf6 Rxf6 43. h6+ Kh7 44. Kxf6 b3 45. Ke6 b2 46. Kxd6 b1Q 47. Kxe5 Qg1 48. Kd6 Qxg4 49. e5 c4 50. e6 Qxe6+ 51. Kxe6 c3 0-1

[Event "Speed Chess (Women) Q2"]
[Site "Chess.com INT"]
[Date "2021.05.29"]
[Round "6"]
[White "Frattini, Beatriz Maria"]
[Black "Ziegenfuss, Antonia"]
[Result "0-1"]
[WhiteElo "1854"]
[BlackElo "2157"]
[PlyCount "108"]
[EventDate "2021.05.29"]
[EventType "swiss (blitz)"]
[EventRounds "13"]
[EventCountry "USA"]
[SourceTitle "CBM 202 Extra"]
[Source "ChessBase"]
[SourceDate "2021.07.31"]
[SourceVersion "1"]
[SourceVersionDate "2021.07.31"]
[SourceQuality "1"]

1. e4 c5 2. Nf3 e6 3. d4 cxd4 4. Nxd4 Nc6 5. Nb5 d6 6. c4 Nf6 7. N1c3 a6 8. Na3 Qa5 9. Bd2 Be7 10. Nd5 Qd8 11. Nxe7 Qxe7 12. Bd3 d5 13. exd5 exd5+ 14. Qe2 Qxe2+ 15. Kxe2 Be6 16. cxd5 Nxd5 17. Rhe1 0-0-0 18. Rac1 Kb8 19. Nc4 Rhe8 20. Kf1 Ndb4 21. Bb1 Nd3 22. Bxd3 Rxd3 23. Bf4+ Ka8 24. b3 Bxc4 25. Rxc4 Red8 26. Rec1 Rd1+ 27. Ke2 Rxc1 28. Bxc1 Rd7 29. Bf4 Nd4+ 30. Ke3 Ne6 31. Kf3 b5 32. Rc8+ Kb7 33. Rh8 h6 34. Rb8+ Ka7 35. Rc8 Rd3+ 36. Ke4 Rd4+ 37. Ke5 Rxf4 38. Rc7+ Nxc7 39. Kxf4 Kb7 40. Ke5 Kc6 41. a3 a5 42. f3 b4 43. axb4 axb4 44. Kd4 Kb5 45. Ke5 Kc5 46. f4 Nb5 47. g4 Nd4 48. h4 Nxb3 49. f5 Nd4 50. g5 hxg5 51. hxg5 b3 52. g6 f6+ 53. Ke4 b2 54. Ke3 b1Q 0-1